| 000 | 00867nab a22002537a 4500 | ||
|---|---|---|---|
| 001 | vtls002750149 | ||
| 003 | ES-BaIT | ||
| 005 | 20260420173140.0 | ||
| 007 | t| | ||
| 008 | 111114s2005 fr o || |00| |fre|| | ||
| 010 | _a2750149 | ||
| 035 | _a2750-14960 | ||
| 039 | 9 |
_a201403080736 _bVLOAD _c201303100050 _dVLOAD _c201111141628 _dVLOAD |
|
| 080 | _a791.8:791.43 | ||
| 245 | 0 | 0 |
_aCirque & cinéma / _cdossier coordonné par Sébastien Bénédict |
| 505 | 8 | _aInclou: diferents articles que parlen sobre el tema que dóna títol al dossier | |
| 650 | 0 | 0 |
_aCirc en la cinematografia _9108359 |
| 700 | 1 |
_aBénédict, Sébastien _9119614 |
|
| 773 | 0 |
_7nnas _wvtls002202505 _tArts de la piste _dParis : Hors de la piste, 1996- _x1269-0120 _gno 35, juin, 2005, p. 15-39 _835 _0112323 |
|
| 790 | _w220250560 | ||
| 790 | _a220250560 | ||
| 940 | _aIT | ||
| 942 |
_cART _2udc |
||
| 999 |
_c116121 _d116121 |
||